000 00743nam a2200205Ia 4500
001 9259
003 GE_BSU
008 181216s||||||||xx |||||||||||||| ||und||
040 _cGE_BSU
080 _a628(035.3)
100 _aЛейв,Ж.Я. Либер,И.Л. Евдокимова,В.А.
245 _aСправочная книга по санитарной технике(отопление, вентиляция, теплоснабжение)
245 _cРед. М.С.Червова.
260 _aЛ.
260 _bЛениздат.
260 _c1966.
300 _a438 стр. с илл. 27 см. Библиогр.: стр.437.
653 _aСправочная книга по санитарной технике.
942 _cBK
999 _c42560
_d42560